000 02416nam0a2200397 4500
001 RU\NLR\BIBL_A\022670556
005 20260408231926.0
010 _a978-5-91402-345-1
_9500
035 _a(NLR Aleph) 022670556
090 _a13510362
_c13510362
100 _a20251120d2024 k y0rusy50 ca
101 0 _arus
102 _aRU
105 _aac||b|||110yy
181 0 _ab3
_bxb2e
181 0 _ai1
_baxxe
182 0 _an
200 1 _aГород над Вяткой-рекой
_eновое поколение мастериц дымковской игрушки
_e[Анна Корчёмкина, Ольга Первакова, Юлия Рычихина, Светлана Скопина]
_eкаталог выставки
_fОбщество с ограниченной ответственностью "Художественные мастерские "Дымковская игрушка", Музей "Дымковская игрушка: история и современность"
_g[составитель: Н. Н. Мечникова]
203 _aИзображение
_aТекст
_bвизуальные
_cнепосредственные
210 _aКиров
_cО-Краткое
_d2024
215 _a39 с.
_cцв. ил., портр.
_d19х22
300 _aНа обл.: Хлынов - Вятка - Киров, 650
606 _aДымковская игрушка
_xВыставки
_yКиров, город
_z2024
_jКаталоги
_3RU\NLR\AUTH\6601764510
_92691930
686 1 _aЩ126.73(2Р=Рус)л62
701 1 _aПервакова
_bО. В.
_f1972-
_gОльга Викторовна
_4280
702 1 _aМечникова
_bН. Н.
_gНадежда Н
_4220
702 1 _aКорчёмкина
_bА. Н.
_f1989-
_gАнна Николаевна
_4280
702 1 _aРычихина
_bЮ. С.
_f1990-
_gЮлия Сергеевна
_4280
702 1 _aСкопина
_bС. А.
_f1986-
_gСветлана Александровна
_4280
711 1 2 _a"Город над Вяткой-рекой", выставка
_f2024
_eКиров
_3RU\NLR\AUTH\880636241
_92689469
712 0 2 _4570
_a"Дымковская игрушка", художественные мастерские
_cКиров
_3RU\NLR\AUTH\880636240
_92689468
942 _cBOOK
980 _aNB